[Event "VIII. hagymatikum Kupa „B”"]
[Site "Makó, Korona Hotel"]
[Date "2019.05.30"]
[Round "1.1"]
[White "Kakuk, Sandor"]
[Black "Nagy, Gabor"]
[Result "1-0"]
[WhiteElo "2163"]
[BlackElo "1897"]
[PlyCount "73"]
[EventDate "2019.05.30"]

1. d4 Nf6 2. Nc3 d6 3. e4 c6 4. f3 g6 5. Be3 Bg7 6. Qd2 h5 7. O-O-O d5 8. e5
Ng8 9. h3 b5 10. Kb1 a5 11. Nge2 a4 12. Nc1 Qa5 13. Bd3 e6 14. g4 Nd7 15. Rdg1
Ne7 16. Bg5 Nb6 17. Bf6 Bxf6 18. exf6 Ng8 19. g5 Nc4 20. Bxc4 bxc4 21. Rh2 Rb8
22. h4 Qb4 23. b3 Qa3 24. Qf4 Rb7 25. Re2 axb3 26. cxb3 cxb3 27. Nxb3 Rxb3+ 28.
axb3 Qxb3+ 29. Rb2 Qxc3 30. Qb8 Qd3+ 31. Rc2 Qa6 32. Rgc1 Qb7+ 33. Qxb7 Bxb7
34. Rb2 Bc8 35. Rxc6 Kd7 36. Rbc2 Nxf6 37. Rc7+ 1-0

[Event "VIII. hagymatikum Kupa „B”"]
[Site "Makó, Korona Hotel"]
[Date "2019.05.30"]
[Round "1.2"]
[White "Somogyi, Gabor"]
[Black "Marta, Dominik"]
[Result "0-1"]
[WhiteElo "1874"]
[BlackElo "2133"]
[PlyCount "66"]
[EventDate "2019.05.30"]

1. d4 Nf6 2. Nf3 g6 3. g3 Bg7 4. Bg2 O-O 5. O-O d6 6. c4 Nc6 7. Nc3 a6 8. b3
Rb8 9. a4 Bf5 10. Re1 Ne4 11. Bb2 Nxc3 12. Bxc3 Be4 13. e3 e5 14. d5 Ne7 15.
Nd2 Bxg2 16. Kxg2 f5 17. f4 c6 18. Nf3 cxd5 19. fxe5 dxe5 20. Bxe5 Bxe5 21.
Nxe5 Nc6 22. Nxc6 bxc6 23. Qd3 dxc4 24. Qxc4+ Qd5+ 25. Qxd5+ cxd5 26. Rad1 Rxb3
27. Rxd5 Rb2+ 28. Kh3 Rc8 29. e4 f4 30. gxf4 Rc3+ 31. Kg4 Rg2+ 32. Kh4 h5 33.
h3 Rf3 0-1

[Event "VIII. hagymatikum Kupa „B”"]
[Site "Makó, Korona Hotel"]
[Date "2019.05.30"]
[Round "1.3"]
[White "Retkes, Peter"]
[Black "Tornyai, Jeno"]
[Result "1-0"]
[WhiteElo "2101"]
[BlackElo "1860"]
[PlyCount "77"]
[EventDate "2019.05.30"]

1. f4 e5 2. e4 Bc5 3. Nf3 d6 4. c3 Nf6 5. d4 exd4 6. cxd4 Bb4+ 7. Bd2 Bxd2+ 8.
Nbxd2 O-O 9. Bd3 Nc6 10. O-O Re8 11. Re1 Bg4 12. Qb3 Qd7 13. Rac1 Rab8 14. Qc3
d5 15. e5 Nh5 16. g3 Bxf3 17. Nxf3 Qg4 18. Kf2 Rbd8 19. Rg1 f6 20. Bb5 fxe5 21.
dxe5 Re6 22. Bxc6 Rxc6 23. Qd4 Rxc1 24. Rxc1 c6 25. Qxa7 Qd7 26. Re1 g6 27. e6
Qe7 28. Qe3 Nf6 29. Kg2 c5 30. Ng5 d4 31. Qf3 d3 32. f5 Rd5 33. Nf7 c4 34. g4
Qb4 35. Qf4 Qf8 36. Nh6+ Kh8 37. e7 Qe8 38. fxg6 Qc6 39. e8=Q+ 1-0

[Event "VIII. hagymatikum Kupa „B”"]
[Site "Makó, Korona Hotel"]
[Date "2019.05.30"]
[Round "1.4"]
[White "Varga, Gabor"]
[Black "Restas, Peter"]
[Result "1-0"]
[WhiteElo "1855"]
[BlackElo "2086"]
[PlyCount "75"]
[EventDate "2019.05.30"]

1. e4 c5 2. Nf3 d6 3. d4 cxd4 4. Nxd4 Nf6 5. Nc3 a6 6. f3 e5 7. Nb3 Be6 8. Be3
Be7 9. Qd2 O-O 10. O-O-O Qc7 11. g4 Rc8 12. h4 b5 13. Rh2 Nbd7 14. Kb1 b4 15.
Ne2 d5 16. g5 d4 17. Nexd4 exd4 18. Bf4 Bd6 19. Bxd6 Qxd6 20. gxf6 Bxb3 21.
axb3 Nxf6 22. Rg2 Rd8 23. Qg5 Ne8 24. Bc4 h6 25. Qh5 Ra7 26. e5 Qc5 27. f4 Kf8
28. Rdg1 a5 29. Rxg7 Nxg7 30. Qxh6 d3 31. Qxg7+ Ke8 32. cxd3 Re7 33. Rc1 Qb6
34. f5 Rc7 35. e6 fxe6 36. Qg8+ Ke7 37. f6+ Kd7 38. Bxe6+ 1-0

[Event "VIII. hagymatikum Kupa „B”"]
[Site "Makó, Korona Hotel"]
[Date "2019.05.30"]
[Round "1.5"]
[White "Berta, Sandor"]
[Black "Kiss, Laszlo"]
[Result "1-0"]
[WhiteElo "2062"]
[BlackElo "1850"]
[PlyCount "93"]
[EventDate "2019.05.30"]

1. g3 e5 2. Bg2 Nc6 3. d3 Bc5 4. Nf3 Nf6 5. c4 O-O 6. O-O d6 7. Nc3 a6 8. a3
Bd7 9. b4 Bb6 10. Bg5 h6 11. Bxf6 gxf6 12. Nd5 Ba7 13. Nh4 Nd4 14. e3 Nf5 15.
Nxf5 Bxf5 16. Qh5 Bg6 17. Qxh6 c6 18. Nc3 f5 19. e4 f4 20. gxf4 exf4 21. Ne2
Qf6 22. Qxf4 Qh8 23. Qg5 Rfe8 24. Rad1 Re5 25. Qg3 Qh6 26. Qf4 Qg7 27. Ng3 Bd4
28. Kh1 Rae8 29. Qg4 a5 30. f4 axb4 31. axb4 R5e7 32. f5 Bh7 33. Qxg7+ Kxg7 34.
f6+ Kf8 35. fxe7+ Rxe7 36. Nf5 Bxf5 37. Rxf5 f6 38. h4 Rg7 39. Rdf1 Kf7 40. h5
Rg3 41. R1f3 Rg4 42. Rh3 Kg7 43. h6+ Kh7 44. Ra5 Rg8 45. e5 dxe5 46. Be4+ Kh8
47. h7 1-0

[Event "VIII. hagymatikum Kupa „B”"]
[Site "Makó, Korona Hotel"]
[Date "2019.05.30"]
[Round "1.6"]
[White "Illes, David Mark"]
[Black "Csikos, Mihaly"]
[Result "1/2-1/2"]
[WhiteElo "1846"]
[BlackElo "2044"]
[PlyCount "93"]
[EventDate "2019.05.30"]

1. d4 d5 2. Nf3 Nf6 3. c4 e6 4. g3 c6 5. Bg2 Nbd7 6. O-O Bd6 7. Nc3 O-O 8. Re1
h6 9. e4 dxe4 10. Nxe4 Nxe4 11. Rxe4 Nf6 12. Re1 c5 13. dxc5 Bxc5 14. Be3 Qc7
15. Bxc5 Qxc5 16. Qd4 Qxd4 17. Nxd4 a6 18. Rad1 Rb8 19. b3 Bd7 20. Rd2 Rfc8 21.
Rc1 Rc7 22. Nf3 Bc6 23. Rcd1 b5 24. Rd8+ Rxd8 25. Rxd8+ Kh7 26. Ne5 Bxg2 27.
Kxg2 bxc4 28. Nxc4 Ne4 29. Ra8 Nc5 30. Nb2 Rc6 31. Kf3 e5 32. Ke3 f6 33. Nc4
Kg6 34. Rd8 Kf5 35. Rd6 Rc7 36. h3 h5 37. Rb6 Kg6 38. Nxe5+ Kf5 39. Nc6 Rd7 40.
b4 Na4 41. Rxa6 Nc3 42. Nd4+ Kg6 43. f4 Nd5+ 44. Ke4 Nc3+ 45. Ke3 Nd5+ 46. Ke4
Nc3+ 47. Ke3 1/2-1/2

[Event "VIII. hagymatikum Kupa „B”"]
[Site "Makó, Korona Hotel"]
[Date "2019.05.30"]
[Round "1.7"]
[White "Balint, Richard"]
[Black "Marko, Arpad"]
[Result "1/2-1/2"]
[WhiteElo "2043"]
[BlackElo "1836"]
[PlyCount "63"]
[EventDate "2019.05.30"]

1. e4 e5 2. f4 exf4 3. Nf3 g5 4. h4 f6 5. hxg5 fxg5 6. Nc3 Bg7 7. d4 d6 8. Bc4
h6 9. Qd3 Ne7 10. Nd5 Nbc6 11. c3 Nxd5 12. Bxd5 Ne7 13. Bb3 c6 14. Bd2 Qc7 15.
Qc4 Rf8 16. O-O-O Bg4 17. Rde1 O-O-O 18. Bd1 Bd7 19. Bc2 Rde8 20. e5 d5 21. Qa4
Nf5 22. Bxf5 Bxf5 23. Qxa7 Be4 24. c4 Kd7 25. Qc5 b6 26. Qb4 g4 27. Nh4 c5 28.
Qa4+ Qc6 29. Qa7+ Qc7 30. Qa4+ Kc8 31. Qa8+ Kd7 32. Qa4+ 1/2-1/2

[Event "VIII. hagymatikum Kupa „B”"]
[Site "Makó, Korona Hotel"]
[Date "2019.05.30"]
[Round "1.8"]
[White "Kopias, Ferenc"]
[Black "Marjanovic, Gyorgy"]
[Result "0-1"]
[WhiteElo "1819"]
[BlackElo "2035"]
[PlyCount "46"]
[EventDate "2019.05.30"]

1. Nf3 d5 2. g3 Nf6 3. Bg2 Bg4 4. O-O e6 5. d4 Be7 6. c4 c6 7. cxd5 exd5 8. Nc3
Nbd7 9. Qb3 Qb6 10. Qxb6 axb6 11. Bg5 h6 12. Bxf6 Nxf6 13. Ne5 Bf5 14. a3 O-O
15. e3 b5 16. b4 Ra7 17. Ra2 Rfa8 18. Rfa1 Ne4 19. Bxe4 dxe4 20. d5 Bf6 21.
dxc6 Bxe5 22. Nxb5 Bxa1 23. Rxa1 bxc6 0-1

[Event "VIII. hagymatikum Kupa „B”"]
[Site "Makó, Korona Hotel"]
[Date "2019.05.30"]
[Round "1.9"]
[White "Fabian Nagy, Sandor"]
[Black "Turcsanyi, Vince Gergo"]
[Result "0-1"]
[WhiteElo "2021"]
[BlackElo "1816"]
[PlyCount "48"]
[EventDate "2019.05.30"]

1. e4 e5 2. Nf3 Nc6 3. d4 exd4 4. Nxd4 Nf6 5. Nxc6 bxc6 6. e5 Qe7 7. Qe2 Nd5 8.
c4 Nb6 9. Nc3 g6 10. Ne4 Bg7 11. Bg5 Qb4+ 12. Kd1 O-O 13. Nf6+ Bxf6 14. Bxf6
Na4 15. Qe3 Nxb2+ 16. Kc2 d5 17. Qb3 Bf5+ 18. Kxb2 Qd2+ 19. Ka3 Rab8 20. h4
Rxb3+ 21. axb3 Rb8 22. g4 Qb4+ 23. Kb2 Qxb3+ 24. Kc1 Qc2# 0-1

[Event "VIII. hagymatikum Kupa „B”"]
[Site "Makó, Korona Hotel"]
[Date "2019.05.30"]
[Round "1.10"]
[White "Csibor, Andras"]
[Black "Molnar, Gabor"]
[Result "1/2-1/2"]
[WhiteElo "1786"]
[BlackElo "1999"]
[PlyCount "77"]
[EventDate "2019.05.30"]

1. d4 Nf6 2. c4 e6 3. Nc3 Bb4 4. a3 Bxc3+ 5. bxc3 h6 6. Qc2 d6 7. e4 Nc6 8. Nf3
b6 9. Bd3 e5 10. O-O Bg4 11. d5 Na5 12. Nd2 g5 13. f3 Bd7 14. Qd1 Nh7 15. Qe1
Nf8 16. Qf2 Ng6 17. g3 Qe7 18. Rb1 Rg8 19. Kh1 O-O-O 20. Nb3 Nxb3 21. Rxb3 Rdf8
22. a4 f5 23. a5 fxe4 24. Bxe4 g4 25. axb6 axb6 26. Qa2 Kd8 27. Ra3 gxf3 28.
Ra8+ Bc8 29. Qa6 Kd7 30. Qb5+ Kd8 31. Qa6 Kd7 32. Qa4+ Kd8 33. Bxh6 Rf7 34.
Rxf3 Rxf3 35. Bxf3 Qd7 36. Rxc8+ Qxc8 37. Kg2 Nh4+ 38. Kf2 Nxf3 39. Kxf3
1/2-1/2

[Event "VIII. hagymatikum Kupa „B”"]
[Site "Makó, Korona Hotel"]
[Date "2019.05.30"]
[Round "1.11"]
[White "Ats, Laszlo Gyorgy"]
[Black "Fridrik, Richard"]
[Result "1-0"]
[WhiteElo "1969"]
[BlackElo "1786"]
[PlyCount "107"]
[EventDate "2019.05.30"]

1. d4 d5 2. h4 h5 3. Nf3 Nf6 4. Bf4 Bf5 5. e3 e6 6. Bd3 Be4 7. Nbd2 Nbd7 8. Ng5
Bxd3 9. cxd3 c5 10. O-O cxd4 11. exd4 Qb6 12. Nb3 Bd6 13. Qf3 O-O 14. Rac1 Rac8
15. Rfe1 Rxc1 16. Rxc1 Bxf4 17. Qxf4 Qa6 18. Qc7 Qxa2 19. Qxb7 Nb6 20. Rc7 Qxb3
21. Rxf7 Qd1+ 22. Kh2 Nbd7 23. Rxd7 Nxd7 24. Qxd7 Qg4 25. Nf3 Rf6 26. Qe8+ Rf8
27. Qe7 Qf4+ 28. Kg1 Qf7 29. Qd6 Qf5 30. b4 Qg4 31. Kf1 Rf6 32. b5 Qf4 33. Qc6
Qf5 34. Ke2 Qg4 35. Kf1 Qf5 36. Ke2 Qg4 37. Kf1 Qg6 38. Qc2 Qe8 39. Qc4 Qg6 40.
Qc2 Qe8 41. Qc5 Rf7 42. b6 Qb8 43. bxa7 Rxa7 44. g3 Rf7 45. Ng5 Rf6 46. Qc2 Qd6
47. Kg2 Rf8 48. Qe2 Qb6 49. Qxh5 Rf5 50. Qh7+ Kf8 51. Qh8+ Ke7 52. Qxg7+ Ke8
53. h5 Qb2 54. Qg6+ 1-0

[Event "VIII. hagymatikum Kupa „B”"]
[Site "Makó, Korona Hotel"]
[Date "2019.05.30"]
[Round "1.12"]
[White "Kocsmar, Akos"]
[Black "Martonosi, Adam"]
[Result "1-0"]
[WhiteElo "1769"]
[BlackElo "1944"]
[PlyCount "135"]
[EventDate "2019.05.30"]

1. d4 g6 2. Nf3 Bg7 3. c4 d6 4. Nc3 c6 5. g3 Nf6 6. Bg2 O-O 7. O-O Nbd7 8. b3
Re8 9. Bb2 e5 10. dxe5 dxe5 11. e3 Qc7 12. Qe2 Nc5 13. b4 Ne6 14. Rfd1 e4 15.
Nd4 Ng5 16. Rf1 Bg4 17. Qc2 Qd7 18. Nce2 Qe7 19. a3 Nd7 20. Nf4 Ne5 21. h3
Ngf3+ 22. Kh1 Bf5 23. Nxf5 gxf5 24. Rad1 Rad8 25. Qe2 Qg5 26. Bxe5 Nxe5 27. h4
Qe7 28. Bh3 Qf6 29. Qh5 Nxc4 30. Bxf5 h6 31. g4 Nd2 32. Rg1 Nf3 33. Rxd8 Rxd8
34. g5 Qxf5 35. gxh6 Qxh5 36. Rxg7+ Kh8 37. Nxh5 Rd1+ 38. Kg2 Rg1+ 39. Kh3 Rh1+
40. Kg3 Nxh4 41. Rxf7 Ng6 42. Nf6 Rxh6 43. Rxb7 Ne5 44. Nxe4 Rh7 45. Rxh7+ Kxh7
46. Nc5 Kg6 47. Kf4 Kf6 48. Ne4+ Ke6 49. Ng5+ Kd6 50. Ke4 Nc4 51. a4 Nb6 52.
Kd4 Nxa4 53. Ne4+ Ke7 54. Nc5 Nb6 55. e4 Na8 56. Na6 Nb6 57. Kc5 Kd7 58. f4
Na4+ 59. Kd4 Nb2 60. f5 Nd1 61. Nc5+ Ke7 62. Ke5 Ne3 63. Nd3 Ng4+ 64. Kf4 Nf6
65. Ne5 Kd6 66. Ng6 Nd7 67. e5+ Kd5 68. Ne7+ 1-0

[Event "VIII. hagymatikum Kupa „B”"]
[Site "Makó, Korona Hotel"]
[Date "2019.05.30"]
[Round "1.13"]
[White "Hajdu, Istvan"]
[Black "Panda, Barnabas"]
[Result "1-0"]
[WhiteElo "1900"]
[BlackElo "1722"]
[PlyCount "41"]
[EventDate "2019.05.30"]

1. e4 c5 2. Nf3 Nc6 3. Nc3 d6 4. d4 cxd4 5. Nxd4 Nf6 6. Be2 e5 7. Nb3 Be7 8.
O-O O-O 9. f4 a6 10. Bf3 Bd7 11. Nd5 Nxd5 12. exd5 Na5 13. Kh1 Nxb3 14. axb3
Qc7 15. c4 Rac8 16. Be3 f5 17. fxe5 dxe5 18. d6 Bxd6 19. Qd5+ Kh8 20. Rfd1 Rf6
21. c5 1-0

[Event "VIII. hagymatikum Kupa „B”"]
[Site "Makó, Korona Hotel"]
[Date "2019.05.30"]
[Round "1.14"]
[White "K. Szabo, Jozsef"]
[Black "Onodi, Miklos"]
[Result "1-0"]
[WhiteElo "1699"]
[BlackElo "1492"]
[PlyCount "85"]
[EventDate "2019.05.30"]

1. e4 c5 2. Nf3 Nc6 3. Nc3 g6 4. d4 cxd4 5. Nxd4 Bg7 6. Be3 Nf6 7. Bc4 d6 8. f3
Qb6 9. Nf5 Qxb2 10. Nxg7+ Kf8 11. Nd5 Nxd5 12. Bxd5 Kxg7 13. Bxc6 Qc3+ 14. Kf2
Qxc6 15. Qd2 h5 16. Rhc1 Be6 17. a3 Rhd8 18. Rab1 b6 19. c4 Rac8 20. Rb4 Kh7
21. Qd3 Rc7 22. e5 Rdc8 23. exd6 Qxd6 24. Qe4 Bf5 25. Qh4 Qd3 26. g4 Qxa3 27.
Rb5 Rxc4 28. Rxc4 Rxc4 29. Qg5 Rc2+ 30. Kg3 hxg4 31. Rd5 Rg2+ 32. Kxg2 Qa2+ 33.
Rd2 gxf3+ 34. Kxf3 Be4+ 35. Kxe4 Qe6+ 36. Kf3 Qh3+ 37. Qg3 Qf1+ 38. Qf2 Qb1 39.
Qh4+ Kg7 40. Bh6+ Kh7 41. Bg5+ Kg7 42. Qh6+ Kg8 43. Rd8# 1-0

[Event "VIII. hagymatikum Kupa „B”"]
[Site "Makó, Korona Hotel"]
[Date "2019.05.30"]
[Round "1.15"]
[White "Toth, Lili"]
[Black "Bacsi, Kristof"]
[Result "0-1"]
[WhiteElo "1464"]
[BlackElo "1695"]
[PlyCount "68"]
[EventDate "2019.05.30"]

1. d4 d5 2. c4 dxc4 3. Nf3 Nf6 4. e3 c5 5. Bxc4 cxd4 6. Nxd4 a6 7. O-O e6 8.
Nc3 Be7 9. Bd2 O-O 10. Qb3 Qd6 11. Rfd1 b5 12. Be2 Bb7 13. Bf3 Bxf3 14. Nxf3
Nbd7 15. e4 Ne5 16. Be3 Nxf3+ 17. gxf3 Qc6 18. Rac1 Qb7 19. Na4 Rac8 20. Bc5
Qc7 21. Bxe7 Qxe7 22. Rxc8 Rxc8 23. Nc3 h5 24. Ne2 h4 25. h3 Qc5 26. Qc3 Qg5+
27. Kh2 Rxc3 28. bxc3 Qc5 29. Kg2 Qc4 30. Rd2 Kf8 31. Rd8+ Ke7 32. Rd2 Nd7 33.
a3 Ne5 34. a4 bxa4 0-1

[Event "VIII. hagymatikum Kupa „B”"]
[Site "Makó, Korona Hotel"]
[Date "2019.05.30"]
[Round "1.16"]
[White "Csomos, Janos"]
[Black "Farkas, Virag"]
[Result "0-1"]
[WhiteElo "1693"]
[BlackElo "1458"]
[PlyCount "98"]
[EventDate "2019.05.30"]

1. d4 d5 2. c4 Bf5 3. Nc3 e6 4. cxd5 exd5 5. Qb3 Nc6 6. Nf3 Bb4 7. e3 a6 8. Bd2
Bxc3 9. Bxc3 Rb8 10. Be2 Nf6 11. Nd2 Ne4 12. Nxe4 Bxe4 13. f3 Bg6 14. O-O O-O
15. Bd2 Re8 16. Bd3 Ne7 17. Rac1 Nf5 18. Rfe1 c6 19. Qc2 Qf6 20. Re2 Rbc8 21.
Rce1 Rcd8 22. Bb4 Nxd4 23. exd4 Qxd4+ 24. Kh1 Rxe2 25. Qxe2 Qxb4 26. Bxg6 hxg6
27. a3 Qd6 28. Qe7 Qxe7 29. Rxe7 Rb8 30. Rd7 Kf8 31. Kg1 Ke8 32. Rc7 Kf8 33.
Kf2 Kg8 34. Ke3 Re8+ 35. Kd2 Rb8 36. Kc3 f6 37. Kd4 Re8 38. Rxb7 Re2 39. g4
Rxh2 40. Rb6 Rc2 41. b4 Rc4+ 42. Kd3 a5 43. bxa5 Ra4 44. Rxc6 Rxa3+ 45. Kd4
Rxa5 46. Rd6 Ra3 47. f4 Rf3 48. Kxd5 Rxf4 49. g5 Rf5+ 0-1

[Event "VIII. hagymatikum Kupa „B”"]
[Site "Makó, Korona Hotel"]
[Date "2019.05.30"]
[Round "1.17"]
[White "Farkas, Imre"]
[Black "Oltean, Cristian-Daniel"]
[Result "0-1"]
[WhiteElo "1446"]
[BlackElo "1689"]
[PlyCount "50"]
[EventDate "2019.05.30"]

1. d4 f5 2. Bf4 Nf6 3. Nd2 g6 4. Ngf3 Bg7 5. e3 O-O 6. Bd3 d6 7. O-O Qe8 8. Re1
Nbd7 9. Bc4+ Kh8 10. a3 e5 11. dxe5 dxe5 12. Bg5 h6 13. Bxf6 Nxf6 14. h3 Bd7
15. c3 Rd8 16. Qc2 Bc6 17. Rad1 Qe7 18. Nh4 Kh7 19. g4 Nxg4 20. Nxg6 Qg5 21.
Nxf8+ Bxf8 22. hxg4 Qxg4+ 23. Kf1 Bg2+ 24. Kg1 Bf3+ 25. Kf1 Qg2# 0-1

[Event "VIII. hagymatikum Kupa „B”"]
[Site "Makó, Korona Hotel"]
[Date "2019.05.30"]
[Round "1.18"]
[White "Lovaszi, Szabolcs"]
[Black "Varga, Szilvia"]
[Result "1-0"]
[WhiteElo "1667"]
[BlackElo "1430"]
[PlyCount "59"]
[EventDate "2019.05.30"]

1. d4 g6 2. Bf4 Bg7 3. e3 d6 4. Nd2 Nf6 5. Ngf3 a6 6. Bc4 b5 7. Bb3 O-O 8. O-O
c5 9. c3 Bb7 10. h3 c4 11. Bc2 d5 12. Re1 e6 13. a4 Nc6 14. e4 dxe4 15. Nxe4
Nxe4 16. Bxe4 Na5 17. Qe2 Bxe4 18. Qxe4 Rc8 19. Ra3 Nc6 20. axb5 axb5 21. Ra6
Ne7 22. Rea1 Nd5 23. Bg3 Re8 24. R1a5 b4 25. Qe1 bxc3 26. bxc3 Bh6 27. Bh4 Ne7
28. Ne5 g5 29. Nxf7 Qd7 30. Nxh6+ 1-0

[Event "VIII. hagymatikum Kupa „B”"]
[Site "Makó, Korona Hotel"]
[Date "2019.05.30"]
[Round "1.19"]
[White "Balogh, Gyula"]
[Black "Abraham, Lajos"]
[Result "1/2-1/2"]
[WhiteElo "1372"]
[BlackElo "1662"]
[PlyCount "94"]
[EventDate "2019.05.30"]

1. d4 Nf6 2. Nf3 e6 3. e3 b6 4. c4 Bb7 5. Be2 Bb4+ 6. Bd2 Qe7 7. a3 Bxd2+ 8.
Nbxd2 O-O 9. O-O c5 10. Ne5 d6 11. Ng4 Nxg4 12. Bxg4 Nc6 13. dxc5 dxc5 14. Qe2
Rad8 15. Bf3 Rd7 16. Rfd1 Rfd8 17. b3 f5 18. Nf1 Qf6 19. Qe1 Na5 20. Bxb7 Nxb7
21. Rxd7 Rxd7 22. Rd1 Qe7 23. Rxd7 Qxd7 24. Qd2 Qe7 25. Ng3 Na5 26. Qd3 Kf7 27.
Ne2 Qf6 28. Nc3 Nxb3 29. g3 Na5 30. Nb5 Qe7 31. f3 Nc6 32. f4 Qd8 33. Qxd8 Nxd8
34. Nxa7 Ke7 35. Nc8+ Kd7 36. Nxb6+ Kc6 37. Na4 Nb7 38. Kf2 Nd6 39. Nb2 Ne4+
40. Kf3 Nd2+ 41. Ke2 Ne4 42. Kf3 Nd2+ 43. Ke2 Ne4 44. Nd3 Kb6 45. Nb2 h6 46.
Kf3 Nd2+ 47. Ke2 Ne4 1/2-1/2

[Event "VIII. hagymatikum Kupa „B”"]
[Site "Makó, Korona Hotel"]
[Date "2019.05.30"]
[Round "1.20"]
[White "Panda, Gyorgy"]
[Black "Szekely, Eniko Anna"]
[Result "1-0"]
[WhiteElo "1653"]
[BlackElo "1337"]
[PlyCount "59"]
[EventDate "2019.05.30"]

1. d4 d5 2. c4 c6 3. Nf3 e6 4. Nc3 dxc4 5. a4 Bb4 6. e4 b5 7. Qc2 Ne7 8. b3
cxb3 9. Qxb3 Bxc3+ 10. Qxc3 a6 11. axb5 cxb5 12. Bxb5+ Bd7 13. Bxd7+ Nxd7 14.
O-O f6 15. Ba3 O-O 16. Qc4 Kf7 17. Bxe7 Qxe7 18. Rxa6 Rxa6 19. Qxa6 Nb8 20. Qc4
Rd8 21. Rb1 Ke8 22. Rb6 Qa3 23. Qxe6+ Kf8 24. h3 Qc1+ 25. Kh2 Qf4+ 26. Kh1 Qc1+
27. Ng1 Qc7 28. Qb3 Nc6 29. d5 Na5 30. Qb4+ 1-0

[Event "VIII. hagymatikum Kupa „B”"]
[Site "Makó, Korona Hotel"]
[Date "2019.05.30"]
[Round "1.21"]
[White "Csikos, Adam"]
[Black "Kralik, Attila"]
[Result "0-1"]
[WhiteElo "1316"]
[BlackElo "1631"]
[PlyCount "70"]
[EventDate "2019.05.30"]

1. e4 c5 2. Ne2 e5 3. Nbc3 Nc6 4. Nd5 Nf6 5. Nec3 Nxd5 6. Nxd5 Ne7 7. Nc3 d5 8.
exd5 a6 9. Qf3 Nf5 10. Bd3 Nd4 11. Qg3 Qc7 12. b3 f5 13. O-O Bd6 14. Re1 O-O
15. Qh4 Rf6 16. h3 Rh6 17. Qg5 Rg6 18. Qe3 f4 19. Bxg6 fxe3 20. Bd3 exf2+ 21.
Kxf2 Qf7+ 22. Kg1 Bxh3 23. Rf1 Bf5 24. Ne4 Qg6 25. Nxd6 Bxd3 26. cxd3 Qxd6 27.
Rf2 Qxd5 28. Bb2 Rf8 29. Rxf8+ Kxf8 30. Rf1+ Kg8 31. Rf2 e4 32. dxe4 Qxe4 33.
Ba3 Ne2+ 34. Kf1 Ng3+ 35. Kg1 Qe1+ 0-1

[Event "VIII. hagymatikum Kupa „B”"]
[Site "Makó, Korona Hotel"]
[Date "2019.05.30"]
[Round "1.22"]
[White "Kardos, Levente"]
[Black "Csiki, Laszlo Levente"]
[Result "1-0"]
[WhiteElo "1629"]
[BlackElo "1222"]
[PlyCount "89"]
[EventDate "2019.05.30"]

1. d4 d5 2. Nf3 Bf5 3. c4 c6 4. e3 Nf6 5. cxd5 cxd5 6. Qb3 b6 7. Bd2 e6 8. Bb5+
Nbd7 9. Bb4 Be7 10. Ne5 Bxb4+ 11. Qxb4 Qe7 12. Qb3 O-O 13. Nxd7 Nxd7 14. Nc3
Nf6 15. O-O Ne4 16. Nxe4 Bxe4 17. f3 Bf5 18. Rac1 Rac8 19. Rfe1 Rxc1 20. Rxc1
Rd8 21. Rc6 Qb7 22. Qc3 h6 23. Rc7 Qb8 24. Ba6 h5 25. Qc6 Qa8 26. Bb7 Qb8 27.
Kf2 Bd3 28. b3 Bb1 29. a3 Ba2 30. b4 Bc4 31. a4 b5 32. a5 g6 33. Qc5 Re8 34. g3
Kg7 35. Ba6 Kg8 36. Qxa7 Qxa7 37. Rxa7 Rb8 38. Rb7 Ra8 39. Bxb5 Bxb5 40. Rxb5
Kg7 41. Rb6 Kf6 42. a6 Ke7 43. b5 Kd7 44. Rb7+ Ke8 45. a7 1-0